Billboard #1 Hits of 2016 - Statistics

General Stats
  • This quiz has been taken 17 times
  • The average score is 8 of 10
Answer Stats
Hint Extra Hint Explanation Answer % Correct
Sorry 23 January (3 wks.) Listen on YouTube Justin Bieber
94%
Love Yourself 13 February (1 wk.)
27 February (1 wk.)
Listen on YouTube Justin Bieber
94%
Can’t Stop the Feeling! 28 May (1 wk.) Listen on YouTube Justin Timberlake
94%
One Dance 21 May (1 wk.)
4 June (9 wks.)
Listen on YouTube Drake featuring Wizkid and Kyla
81%
Cheap Thrills 6 August (4 wks.) Listen on YouTube Sia featuring Sean Paul
81%
Closer 3 September (12 wks.) Listen on YouTube The Chainsmokers featuring Halsey
81%
Pillowtalk 20 February (1 wk.) Listen on YouTube Zayn
81%
Panda 7 May (2 wks.) Listen on YouTube Desiigner
75%
Black Beatles 26 November (6 wks.)
14 January 2017 (1 wk.)
Listen on YouTube Rae Sremmurd featuring Gucci Mane
69%
Work 5 March (9 wks.) Listen on YouTube Rihanna featuring Drake
69%
No matching quizzes found
Score Distribution
Percent of People with Each Score
Percentile by Number Answered
Your Score History
You have not taken this quiz